Miedzy niepewnością a nadzieją

Titel: Miedzy niepewnością a nadzieją : szutka, kultura i codzienność polskich displaced persons w Niemczech 1945-1955 : katalog wystawy / wydawca: LWL-Industriemuseum Westfälisches Landesmuseum für Industriekultur ; Dietmar Osses
Beteiligt:
Ausgabe: Wydanie pierwsze
Veröffentlicht: Essen : Klartext-Verlag, 2016
Umfang: 222 Seiten : Illustrationen ; 22 cm
Format: Buch
Sprache: Polnisch
Schlagworte:
ISBN: 9783837517415
Buchumschlag
X
alg: 39711546
001A    $06000:22-12-16 
001B    $01999:13-12-25 $t11:55:43.000 
001D    $03004:15-11-18 
001U    $0utf8 
001X    $00 
002@    $0Aau 
002C    $aText $btxt $2rdacontent 
002D    $aohne Hilfsmittel zu benutzen $bn $2rdamedia 
002E    $aBand $bnc $2rdacarrier 
003@    $0397115466 
003O    $0968219887 $aOCoLC 
004A    $A978-3-8375-1741-5 $fFesteinband 
006G    $01120506484 
006H    $0TOCNEUA1651 $2DNB 
006U    $017,A01 $f20161130 
007A    $01120506484 $aDNB 
007G    $0DE0205D8B696C9D748C38C125812C00339171 
009P    $qapplication/pdf $A2 $3Inhaltsverzeichnis $uhttps://scans.hebis.de/HEBCGI/show.pl?39711546_toc.pdf $mV:DE-603;B:DE-Mb50 
010@    $apol 
010E    $erda 
011@    $a2016 $n2016 
013D    $RKatalog $#Exhibition catalogs $#Expositions $#Cataloghi di esposizioni $#Ausstellungskatalog $74135467-9 $8Ausstellungskatalog [Tsz] $xLWL Industriemuseum Zeche Hannover $9085499846 $y16.06.2016-30.10.2016 $zBochum 
013D    $RKatalog $#Exhibition catalogs $#Expositions $#Cataloghi di esposizioni $#Ausstellungskatalog $74135467-9 $8Ausstellungskatalog [Tsz] $xLandtag NRW $9085499846 $y30.11.2016-19.12.2016 $zDüsseldorf 
013D    $RKatalog $#Exhibition catalogs $#Expositions $#Cataloghi di esposizioni $#Ausstellungskatalog $74135467-9 $8Ausstellungskatalog [Tsz] $xGedenkstätte Esterwegen $9085499846 $y15.01.2017-15.04.2017 $zEsterwegen 
017A    $asf 
021A    $aMiedzy niepewnością a nadzieją $dszutka, kultura i codzienność polskich displaced persons w Niemczech 1945-1955 : katalog wystawy $hwydawca: LWL-Industriemuseum Westfälisches Landesmuseum für Industriekultur ; Dietmar Osses 
028C    $BHerausgeber $4edt $71058457055 $8Osses, Dietmar$Z1966- [Tp1] $9347570615 
032@    $aWydanie pierwsze 
033A    $pEssen $nKlartext-Verlag 
034D    $a222 Seiten 
034I    $a22 cm 
034M    $aIllustrationen 
044K    $qDNB $RDeutsches Sprachgebiet $RDeutschland $RDeutschland $#Deutsche Länder $#Germany Deutschland $#Heiliges Römisches Reich $#Rheinbund $#Deutscher Bund $#Norddeutscher Bund $#Deutsches Reich $#Deutschland Gebiet unter Alliierter Besatzung $#Deutschland Bundesrepublik, 1990- $#BRD 1990- $#Federal Republic of Germany Deutschland $#Republic of Germany Deutschland $#Allemagne Deutschland $#Ǧumhūrīyat Almāniyā al-Ittiḥādīya $#Bundesrepublik Deutschland 1990- $#BRD $#Niemcy $#République Fédérale d'Allemagne Deutschland $#Repubblica Federale di Germania Deutschland $#Germanija $#Federativnaja Respublika Germanija $#FRG $#Deyizhi-Lianbang-Gongheguo $74011882-4 $8Deutschland [Tg1] $9085025550 
044K    $qDNB $RZwangsarbeiter $RHeimatloser Ausländer $RFlüchtling $#Refugees $#Réfugiés $#Profughi $#Displaced Person $#Displaced Persons $#DP $74140484-1 $8Displaced Person [Ts1] $9085539031 
044K    $qDNB $RPolin $#Polish people $#Polonais $#Polen (Personen) $#Pole $#Polen (Personen) $74046497-0 $8Polen$gVolk [Ts1] $908512981X 
045E    $c943 $c940 
045F    $a943.0049185 $eDDC22ger 
045G/01 $a943 
045G/03 $l9185 
045R    $aGeschichte 1945-1955 

lok: 39711546 24

exp: 39711546 24 1 #EPN
201B/01 $018-05-17 $t10:18:25.000 
201C/01 $004-05-17 
201U/01 $0utf8 
203@/01 $0805961305 
208@/01 $a18-05-17 $bz 
209A/01 $a17.02481 $du $f050 $h17 02481 $x00 
209C/01 $a17.02481 K $h17 02481 K 
209G/01 $a73741831 $x00 
220C/01 $aeng/hae 
247C/01 $8358050-7 Marburg, Bibliothek des Herder-Instituts Marburg $9102600961 

lok: 39711546 78

exp: 39711546 78 1 #EPN
201B/01 $011-11-25 $t12:00:57.000 
201C/01 $011-11-25 
201U/01 $0utf8 
203@/01 $01322378827 
208@/01 $a11-11-25 $be 
209A/01 $a/ $f000 $x00 
209A/01 $ab*p $x01 
220C/01 $apgar 
244Z/01 $#Generalgouvernement Polen $#Polska $#Rzeczpospolita Polska $#Polska Rzeczpospolita Ludowa $#Poland $#Pologne $#République Polonaise $#Generalne Gubernatorstwo w Polsce $#Polish People's Republic $#Polska Rzeczpospolita Polen $#PRL $#RP $#Polen Generalgouvernement $#Polska Generalgouvernement $#Besetzte Polnische Gebiete $#Besetztes Gebiet in Polen $#Okupowane Polskie Obszary $#Obszary Okupowane w Polsce $#Volksrepublik Polen $#Polska Rosyjska $#Republic Polen $#Respublika Pol'ša $#Pol'skaja Narodnaja Respublika $#République de Pologne $#Polen Links der Weichsel $#Polska po Lewej Stronie Wisły $#Lenkija $#Polija $#Gubernija Carstva Pol'skago $#Republik Polen $74046496-9 $8--Tg1--Polen $x01 $9085129801 
247C/01 $82080>Marburg/Lahn, Herder-Institut, Forschungsbibliothek, Bibliographieportal $9336309341
LEADER 00000cam a2200000 c 4500
001 397115466
003 DE-603
005 20251213115543.0
007 tu
008 161222s2016 xx |||| | u00||u|pol
015 |a 17,A01  |2 dnb 
016 7 |2 DE-101  |a 1120506484 
020 |a 9783837517415  |c Festeinband 
035 |a (DE-599)DNB1120506484 
035 |a (OCoLC)968219887 
040 |a DE-603  |b ger  |c DE-603  |d DE-603  |e rda 
041 |a pol 
082 0 4 |8 1\u  |a 943.0049185  |q DE-101  |2 22/ger 
084 |a 943  |a 940  |q DE-101  |2 sdnb 
085 |8 2\u  |b 943 
085 |8 2\u  |z 5  |s 9185 
090 |a b 
245 0 0 |a Miedzy niepewnością a nadzieją  |b szutka, kultura i codzienność polskich displaced persons w Niemczech 1945-1955 : katalog wystawy  |c wydawca: LWL-Industriemuseum Westfälisches Landesmuseum für Industriekultur ; Dietmar Osses 
250 |a Wydanie pierwsze 
264 1 |a Essen  |b Klartext-Verlag  |c 2016 
300 |a 222 Seiten  |b Illustrationen  |c 22 cm 
336 |a Text  |b txt  |2 rdacontent 
337 |a ohne Hilfsmittel zu benutzen  |b n  |2 rdamedia 
338 |a Band  |b nc  |2 rdacarrier 
648 7 |a Geschichte 1945-1955  |2 gnd 
650 7 |a Displaced Person  |0 (DE-588)4140484-1  |0 (DE-603)085539031  |2 gnd 
650 7 |a Polen  |g Volk  |0 (DE-588)4046497-0  |0 (DE-603)08512981X  |2 gnd 
651 7 |a Deutschland  |0 (DE-588)4011882-4  |0 (DE-603)085025550  |2 gnd 
655 7 |a Ausstellungskatalog  |x LWL Industriemuseum Zeche Hannover  |y 16.06.2016-30.10.2016  |z Bochum  |2 gnd-content  |0 (DE-588)4135467-9  |0 (DE-603)085499846 
655 7 |a Ausstellungskatalog  |x Landtag NRW  |y 30.11.2016-19.12.2016  |z Düsseldorf  |2 gnd-content  |0 (DE-588)4135467-9  |0 (DE-603)085499846 
655 7 |a Ausstellungskatalog  |x Gedenkstätte Esterwegen  |y 15.01.2017-15.04.2017  |z Esterwegen  |2 gnd-content  |0 (DE-588)4135467-9  |0 (DE-603)085499846 
700 1 |a Osses, Dietmar  |d 1966-  |e Herausgeber  |4 edt  |0 (DE-603)347570615  |0 (DE-588)1058457055  |2 gnd 
856 4 2 |m V:DE-603;B:DE-Mb50  |q application/pdf  |u https://scans.hebis.de/HEBCGI/show.pl?39711546_toc.pdf  |3 Inhaltsverzeichnis 
924 0 |9 Mb 50  |a (DE-603)805961305  |b DE-Mb50  |c HES  |d c  |g 17.02481 
924 0 |9 2080  |a (DE-603)1322378827  |b DE-2080  |c HES  |d d  |g /